000 00213nam a2200109Ia 4500
100 _a#N/A
942 _cBK
245 _aMindware ; Web Apps; 25 Video Lectures
260 _b#N/A
546 _aENGLISH
999 _c21537
_d21537